000 00669cam a2200157 4500
001 WS120416
008 021111n 000 0 eng u
035 _a(Sirsi) u120416
245 _aPower of Geography
520 _aWeb site jointly sponsored by Association of Geographic Information, Intra-governmental Group for Geographic Information (IGGI) and Ordnance Survey which aims to promote the business benefits of using geospatial information.
650 _aGEOGRAPHY
650 _aGEOSPATIAL INFORMATION
690 _aGeomatics
_96242
856 4 0 _uhttps://www.thepowerofgeography.com
_zView the website free of charge at www.thepowerofgeography.com...
942 _n0
999 _c120201
_d120201